header

Keene on the market (Record no. 36251)

MARC details
000 -LEADER
fixed length control field 01465nam a2200361 a 4500
082 04 - DEWEY DECIMAL CLASSIFICATION NUMBER
Classification number 332.64/53
100 1# - MAIN ENTRY--AUTHOR NAME
Personal name Keene, Andrew,
245 10 - TITLE STATEMENT
Title Keene on the market
260 ## - PUBLICATION, DISTRIBUTION, ETC. (IMPRINT)
Place of publication Hoboken, N.J. :
Name of publisher Wiley,
Year of publication c2013.
300 ## - PHYSICAL DESCRIPTION
Number of Pages 1 online resource (xx, 229 p.) :
Other physical details ill., graphs.
490 0# - SERIES STATEMENT
Series statement Wiley trading series
500 ## - GENERAL NOTE
General note Includes index.
650 #0 - SUBJECT ADDED ENTRY--TOPICAL TERM
Topical Term Options (Finance)
Topical Term Speculation
856 40 - ELECTRONIC LOCATION AND ACCESS
Uniform Resource Identifier http://site.ebrary.com/lib/rucke/Doc?id=10731771
588 ## -
-- Description based on online resource; title from title page (ebrary, viewed July 22, 2013).

No items available.

© 2026 Rongo University
Contact us: librarian | system librarian | Rongo university